Normal view
MARC view
Entry Personal Name
001 - CONTROL NUMBER
- control field: 1237480
003 - CONTROL NUMBER IDENTIFIER
- control field: OSt
005 - DATE AND TIME OF LATEST TRANSACTION
- control field: 20260430150428.0
008 - FIXED-LENGTH DATA ELEMENTS
- fixed length control field: 260430|| aca||aabn | a|a d
040 ## - CATALOGING SOURCE
- Original cataloging agency: OSt
- Transcribing agency: OSt
100 ## - HEADING--PERSONAL NAME
- Personal name: Ajay Kumar Au.; Pajabi Priya Gu
670 ## - SOURCE DATA FOUND
- Source citation: Work cat.: (OSt)1849759: Ajay Kumar Au.; Pajabi Priya Gu., Genetic Mapping of Resistance to Albugo Candid in Brassica Rapa, 2022
